[Event "Montreal op"]
[Site "Montreal CAN"]
[Date "2008.09.13"]
[Round "3"]
[White "Robichaud, Louis"]
[Black "Houska, Jiri"]
[Result "1/2-1/2"]
[WhiteElo "2057"]
[BlackElo "2250"]
[PlyCount "83"]
[GameId "2160767910319738"]
[EventDate "2008.09.12"]
[EventType "swiss"]
[EventRounds "5"]
[EventCountry "CAN"]
[SourceTitle "FQE 04"]

1. e4 c5 2. Nc3 Nc6 3. g3 g6 4. Bg2 Bg7 5. d3 e6 6. f4 Nge7 7. Nf3 O-O 8. O-O Rb8 9. Be3 d6 10. Qd2 b5 11. a3 a5 12. e5 Nf5 13. Bf2 Nfd4 14. exd6 Nxf3+ 15. Bxf3 Nd4 16. Bxd4 Bxd4+ 17. Kh1 Qxd6 18. Ne4 Qc7 19. c3 Bg7 20. Qf2 c4 21. d4 Bb7 22. Nc5 Bxf3+ 23. Qxf3 Rb6 24. Rae1 Qc6 25. Ne4 b4 26. axb4 axb4 27. g4 f5 28. gxf5 Rxf5 29. Ng5 Rxf4 30. Qxc6 Rxf1+ 31. Rxf1 Rxc6 32. Re1 Bh6 33. Nxe6 bxc3 34. bxc3 Bd2 35. d5 Rd6 36. Rf1 h5 37. Rf8+ Kh7 38. Rf7+ Kh6 39. h4 Bxc3 40. Ng5 Bg7 41. Rc7 Rxd5 42. Rxc4 1/2-1/2

[Event "Montreal op"]
[Site "Montreal CAN"]
[Date "2008.09.14"]
[Round "4"]
[White "Barbeau, Sylvain"]
[Black "Ibrahim, Anthony"]
[Result "1-0"]
[WhiteElo "2364"]
[BlackElo "2167"]
[PlyCount "59"]
[GameId "2160767910319739"]
[EventDate "2008.09.12"]
[EventType "swiss"]
[EventRounds "5"]
[EventCountry "CAN"]
[SourceTitle "FQE 04"]

1. e4 c5 2. Nf3 Nc6 3. Bb5 g6 4. Bxc6 dxc6 5. d3 Bg7 6. h3 Nf6 7. Nc3 O-O 8. Be3 b6 9. Qd2 Nd7 10. Bh6 e5 11. Bxg7 Kxg7 12. O-O Re8 13. a3 Qe7 14. Ne2 a5 15. Nh2 Nf8 16. f4 exf4 17. Qxf4 Ne6 18. Qd2 Nd4 19. Nxd4 cxd4 20. Rf4 h5 21. Raf1 Be6 22. Nf3 c5 23. Ng5 Ra7 24. Nxe6+ Qxe6 25. Qf2 Ree7 26. Rf6 Qe5 27. Rxb6 c4 28. dxc4 Qc5 29. Qf6+ Kh7 30. Rb5 1-0

[Event "Montreal op"]
[Site "Montreal CAN"]
[Date "2008.09.14"]
[Round "4"]
[White "Fareh, Youness"]
[Black "Nunez, Omar"]
[Result "1-0"]
[WhiteElo "2169"]
[BlackElo "2012"]
[PlyCount "77"]
[GameId "2160767910319740"]
[EventDate "2008.09.12"]
[EventType "swiss"]
[EventRounds "5"]
[EventCountry "CAN"]
[SourceTitle "FQE 04"]

1. Nf3 f5 2. e4 fxe4 3. Ng5 e5 4. d3 Be7 5. Nxe4 Nf6 6. Nxf6+ Bxf6 7. Qh5+ g6 8. Qh6 Nc6 9. c3 d6 10. h4 Qe7 11. Be2 Bd7 12. Nd2 O-O-O 13. Ne4 Bg7 14. Qg5 Qf7 15. Bd2 b6 16. h5 d5 17. h6 dxe4 18. hxg7 Qxg7 19. dxe4 Kb7 20. Bc4 Na5 21. Be2 Be6 22. b3 Nc6 23. Rd1 Rd7 24. Bc1 Rf7 25. f3 a6 26. Qh6 Qxh6 27. Rxh6 Rd8 28. Bd3 Rfd7 29. Ke2 b5 30. Bg5 Rf8 31. Rdh1 Bg8 32. b4 Nd8 33. Be3 Ne6 34. Bc2 Nf4+ 35. Bxf4 Bc4+ 36. Ke1 Rxf4 37. Rxh7 Rxh7 38. Rxh7 Bxa2 39. Re7 1-0

[Event "Montreal op"]
[Site "Montreal CAN"]
[Date "2008.09.14"]
[Round "4"]
[White "Forget, Luc"]
[Black "Bolduc, Steve"]
[Result "1-0"]
[WhiteElo "2117"]
[BlackElo "2327"]
[PlyCount "45"]
[GameId "2160767910319741"]
[EventDate "2008.09.12"]
[EventType "swiss"]
[EventRounds "5"]
[EventCountry "CAN"]
[SourceTitle "FQE 04"]

1. d4 Nf6 2. c4 c5 3. d5 b5 4. cxb5 a6 5. bxa6 Bxa6 6. Nc3 d6 7. e4 Bxf1 8. Kxf1 g6 9. g4 Bg7 10. Kg2 O-O 11. h3 Nbd7 12. Nf3 Ra6 13. Qe2 Qa8 14. Rb1 e6 15. Rd1 Re8 16. g5 Nxd5 17. exd5 exd5 18. Qb5 Ne5 19. Nxd5 Ra4 20. a3 Rd4 21. Rxd4 Nxf3 22. Ra4 Nh4+ 23. Kf1 1-0

[Event "Montreal op"]
[Site "Montreal CAN"]
[Date "2008.09.14"]
[Round "4"]
[White "Fragniere, Thierry"]
[Black "Masse, Hugues"]
[Result "0-1"]
[WhiteElo "2066"]
[BlackElo "2241"]
[PlyCount "128"]
[GameId "2160767910319742"]
[EventDate "2008.09.12"]
[EventType "swiss"]
[EventRounds "5"]
[EventCountry "CAN"]
[SourceTitle "FQE 04"]

1. d4 Nf6 2. Nf3 g6 3. c4 Bg7 4. Nc3 d5 5. Qb3 dxc4 6. Qxc4 O-O 7. e4 Nc6 8. Bf4 Nd7 9. Nd5 Nb6 10. Qc5 e5 11. Nxe5 Nxd5 12. exd5 Nxe5 13. dxe5 b6 14. Qd4 c5 15. Qe3 Qxd5 16. Be2 Bb7 17. Bf3 Qd7 18. Rd1 Qe7 19. O-O Bxf3 20. Qxf3 Rfe8 21. Rd5 Rad8 22. Rfd1 Rxd5 23. Rxd5 f6 24. Rd1 fxe5 25. Qd5+ Qf7 26. Bg5 Qxd5 27. Rxd5 e4 28. b3 Bd4 29. Rd7 Rf8 30. Be3 Rf7 31. Rd8+ Rf8 32. Rd7 Bxe3 33. fxe3 Rf7 34. Rd8+ Kg7 35. Re8 Rd7 36. Rxe4 Rd1+ 37. Kf2 Rd2+ 38. Kf3 Rxa2 39. Re7+ Kg8 40. h4 Ra3 41. Rb7 Rxb3 42. Rxa7 Rb1 43. Rc7 Rb4 44. e4 c4 45. e5 Rb5 46. Rxc4 Rxe5 47. Rc7 Rf5+ 48. Ke4 Rf7 49. Rc8+ Rf8 50. Rc7 Rb8 51. Kd4 b5 52. Kc3 b4+ 53. Kb3 h5 54. g3 Rb6 55. Rd7 Kf8 56. Rc7 Ke8 57. Rg7 Kf8 58. Rc7 Kg8 59. Rd7 Re6 60. Rd3 Re4 61. Rf3 Kg7 62. Rd3 Kf6 63. Rf3+ Ke5 64. Ka4 Rc4 0-1

[Event "Montreal op"]
[Site "Montreal CAN"]
[Date "2008.09.14"]
[Round "4"]
[White "Houska, Jiri"]
[Black "Jiang, Louie"]
[Result "0-1"]
[WhiteElo "2250"]
[BlackElo "2162"]
[PlyCount "90"]
[GameId "2160767910319743"]
[EventDate "2008.09.12"]
[EventType "swiss"]
[EventRounds "5"]
[EventCountry "CAN"]
[SourceTitle "FQE 04"]

1. e4 c5 2. Nf3 d6 3. d4 cxd4 4. Nxd4 Nf6 5. Nc3 a6 6. Be3 e5 7. Nb3 Be6 8. f3 Be7 9. Qd2 O-O 10. O-O-O Nbd7 11. g4 b5 12. g5 b4 13. Ne2 Ne8 14. Ng3 a5 15. Kb1 Nb6 16. Nf5 Nc4 17. Bxc4 Bxc4 18. f4 a4 19. Nc1 g6 20. Nh6+ Kg7 21. f5 f6 22. h4 Qa5 23. h5 b3 24. cxb3 axb3 25. Qxa5 Rxa5 26. axb3 Ba6 27. hxg6 Bb7 28. gxf6+ Nxf6 29. Nd3 Bxe4 30. Nf7 hxg6 31. fxg6 Rd5 32. Bh6+ Kxg6 33. Bxf8 Kxf7 34. Bxe7 Rxd3 35. Ka2 Kxe7 36. Rxd3 Bxd3 37. Ka3 e4 38. Kb4 Nd5+ 39. Ka5 e3 40. b4 Nc7 41. Rh3 e2 42. Re3+ Kd7 43. b3 Nd5 44. Rxd3 e1=Q 45. Rxd5 Kc6 0-1

[Event "Montreal op"]
[Site "Montreal CAN"]
[Date "2008.09.14"]
[Round "4"]
[White "Le Duin, Thierry"]
[Black "Morin, Louis"]
[Result "1/2-1/2"]
[WhiteElo "1967"]
[BlackElo "1930"]
[PlyCount "136"]
[GameId "2160767910319745"]
[EventDate "2008.09.12"]
[EventType "swiss"]
[EventRounds "5"]
[EventCountry "CAN"]
[SourceTitle "FQE 04"]

1. d4 d5 2. Nf3 e6 3. c3 c5 4. Bg5 Be7 5. Bxe7 Qxe7 6. e3 Nf6 7. Bd3 b6 8. Nbd2 O-O 9. Ne5 Ba6 10. Qe2 Bxd3 11. Qxd3 Nfd7 12. f4 Nxe5 13. fxe5 Nd7 14. O-O-O f6 15. exf6 Nxf6 16. h3 e5 17. Kb1 e4 18. Qe2 c4 19. g4 b5 20. Rhf1 Nd7 21. Rxf8+ Rxf8 22. Rf1 b4 23. Rxf8+ Qxf8 24. Qf1 Qxf1+ 25. Nxf1 a5 26. Ng3 g6 27. Ne2 Kf7 28. Kc2 Ke6 29. b3 Nb6 30. Nf4+ Kd6 31. h4 cxb3+ 32. axb3 bxc3 33. Kxc3 a4 34. bxa4 Nxa4+ 35. Kd2 Nb6 36. h5 gxh5 37. Nxh5 Nd7 38. Ke2 Ke7 39. Nf4 Kf6 40. Kf2 Kg5 41. Kg3 Nb6 42. Nh3+ Kf6 43. Kf4 h6 44. Ng1 Nd7 45. Ne2 Nf8 46. Nc3 Ng6+ 47. Kg3 Ke6 48. Nb5 Kd7 49. Kh3 Kc6 50. Nc3 Kd6 51. Ne2 Ke6 52. Ng3 Kf6 53. Nf5 Kg5 54. Nd6 h5 55. Nf7+ Kf6 56. gxh5 Kxf7 57. hxg6+ Kxg6 58. Kg4 Kh6 59. Kf5 Kh5 60. Ke5 Kg4 61. Kxd5 Kf3 62. Kc4 Kxe3 63. d5 Kf2 64. d6 e3 65. d7 e2 66. d8=Q e1=Q 67. Qh4+ Ke2 68. Qxe1+ Kxe1 1/2-1/2

[Event "Montreal op"]
[Site "Montreal CAN"]
[Date "2008.09.14"]
[Round "4"]
[White "Levkovsky, Alexandre"]
[Black "Ramaswamy, Kiran"]
[Result "1-0"]
[WhiteElo "2169"]
[BlackElo "1849"]
[PlyCount "67"]
[GameId "2160767910319747"]
[EventDate "2008.09.12"]
[EventType "swiss"]
[EventRounds "5"]
[EventCountry "CAN"]
[SourceTitle "FQE 04"]

1. e4 c5 2. Nf3 Nc6 3. Be2 g6 4. d4 cxd4 5. Nxd4 Bg7 6. Be3 d6 7. O-O Nf6 8. Bf3 O-O 9. c4 Ne5 10. Qc2 Nfg4 11. Bg5 Qb6 12. Bxg4 Qxd4 13. Be2 Nxc4 14. Bxc4 Qxb2 15. Qxb2 Bxb2 16. Nd2 Bxa1 17. Rxa1 Re8 18. Bb5 Be6 19. Bxe8 Rxe8 20. Nb3 f6 21. Be3 a6 22. Rc1 b5 23. Bd2 d5 24. Nc5 Bf7 25. exd5 Bxd5 26. a3 Bc4 27. Bb4 Ra8 28. Ba5 Ra7 29. Rd1 Kf7 30. Rd8 b4 31. Bb6 b3 32. Bxa7 b2 33. Rd1 Ba2 34. Nxa6 1-0

[Event "Montreal op"]
[Site "Montreal CAN"]
[Date "2008.09.14"]
[Round "4"]
[White "Rainfray, Arnaud"]
[Black "Chabot, Roland"]
[Result "1/2-1/2"]
[WhiteElo "2388"]
[BlackElo "2231"]
[PlyCount "92"]
[GameId "2160767910319748"]
[EventDate "2008.09.12"]
[EventType "swiss"]
[EventRounds "5"]
[EventCountry "CAN"]
[SourceTitle "EXT 2011"]
[Source "ChessBase"]
[SourceDate "2011.11.26"]
[SourceVersion "1"]
[SourceVersionDate "2011.11.26"]
[SourceQuality "1"]

1. e4 c5 2. c3 Nf6 3. e5 Nd5 4. d4 cxd4 5. Nf3 e6 6. cxd4 d6 7. Bc4 Nc6 8. O-O Be7 9. Qe2 O-O 10. Nc3 Nxc3 11. bxc3 dxe5 12. dxe5 Qa5 13. Bd3 Rd8 14. Rb1 g6 15. c4 Rb8 16. Rb5 Qc7 17. Rb3 Bd7 18. Bf4 b6 19. h4 Be8 20. h5 Nd4 21. Nxd4 Rxd4 22. Be3 Rh4 23. hxg6 hxg6 24. g3 Rh5 25. Bf4 Bc6 26. Be4 Kg7 27. Qf3 Bxe4 28. Qxe4 Rbh8 29. Kg2 Rh2+ 30. Kf3 R2h3 31. Ke2 Rd8 32. Rc1 Rd7 33. a4 Rh8 34. Rf3 Qb7 35. Qxb7 Rxb7 36. Rd3 Rc8 37. f3 Rc5 38. g4 Rbc7 39. Rd4 Ra5 40. Ra1 g5 41. Bg3 a6 42. Re4 b5 43. cxb5 axb5 44. Be1 Rxa4 45. Raxa4 bxa4 46. Rxa4 Rc5 1/2-1/2

[Event "Montreal op"]
[Site "Montreal CAN"]
[Date "2008.09.14"]
[Round "4"]
[White "Ramaswamy, Kishor"]
[Black "Robichaud, Louis"]
[Result "1-0"]
[WhiteElo "2179"]
[BlackElo "2057"]
[PlyCount "109"]
[GameId "2160767910319749"]
[EventDate "2008.09.12"]
[EventType "swiss"]
[EventRounds "5"]
[EventCountry "CAN"]
[SourceTitle "FQE 04"]

1. d4 Nf6 2. Nf3 g6 3. Bg5 Bg7 4. Nbd2 O-O 5. c3 d6 6. e4 h6 7. Bh4 g5 8. Bg3 Nh5 9. Bc4 e6 10. O-O Nd7 11. Re1 Nb6 12. Bb3 a5 13. Nc4 Nxc4 14. Bxc4 b6 15. Nd2 Nxg3 16. hxg3 Bb7 17. a4 Qe7 18. Nf1 Rad8 19. d5 exd5 20. exd5 Qf6 21. Qd3 Bc8 22. Ne3 Rfe8 23. Ba6 Bxa6 24. Qxa6 Rd7 25. Ng4 Qd8 26. Qd3 Rde7 27. Rxe7 Qxe7 28. Ne3 Qe4 29. Qxe4 Rxe4 30. g4 Kh7 31. Kf1 Be5 32. Ke2 Bf4 33. Kd3 Re5 34. Kd4 Bxe3+ 35. fxe3 f5 36. gxf5 Rxf5 37. b4 Rf2 38. bxa5 bxa5 39. g4 Rg2 40. Kc4 Rxg4+ 41. Kb5 h5 42. Kxa5 Rc4 43. Ka6 h4 44. Kb7 Rxa4 45. Rxa4 Kg6 46. Kxc7 h3 47. Kxd6 h2 48. Ra1 g4 49. Kc7 g3 50. d6 g2 51. d7 g1=Q 52. Rxg1+ hxg1=Q 53. d8=Q Qxe3 54. Qd4 Qg3+ 55. Qd6+ 1-0

[Event "Montreal op"]
[Site "Montreal CAN"]
[Date "2008.09.14"]
[Round "5"]
[White "Chabot, Roland"]
[Black "Larochelle, Martial"]
[Result "1/2-1/2"]
[WhiteElo "2231"]
[BlackElo "2189"]
[PlyCount "97"]
[GameId "2160767910319750"]
[EventDate "2008.09.12"]
[EventType "swiss"]
[EventRounds "5"]
[EventCountry "CAN"]
[SourceTitle "EXT 2011"]
[Source "ChessBase"]
[SourceDate "2011.11.26"]
[SourceVersion "1"]
[SourceVersionDate "2011.11.26"]
[SourceQuality "1"]

1. d4 Nf6 2. c4 e6 3. Nc3 Bb4 4. e3 O-O 5. Nge2 d5 6. a3 Be7 7. cxd5 exd5 8. b4 a6 9. Ng3 Re8 10. Bd3 g6 11. O-O Nbd7 12. Ra2 c6 13. f3 a5 14. b5 c5 15. Nce2 Bd6 16. Re1 b6 17. Nf1 Bb7 18. a4 Rc8 19. Ba3 Qe7 20. Ra1 cxd4 21. Bxd6 Qxd6 22. Nxd4 Ne5 23. Bc2 Nc4 24. Qe2 Qc5 25. Qf2 Kg7 26. Rad1 Re5 27. Qg3 Kh8 28. Qh4 Qe7 29. f4 Rh5 30. Qf2 Nd6 31. h3 Nfe4 32. Bxe4 dxe4 33. Qb2 Kg8 34. Qa3 Rhc5 35. Nb3 Nc4 36. Qa1 R5c7 37. Rd4 Nd6 38. Red1 Nf5 39. R4d2 Rc2 40. Nd4 Nxd4 41. Qxd4 Rxd2 42. Rxd2 Qc5 43. Qf6 Bd5 44. Kh2 Bb3 45. Ng3 Qxe3 46. Rd8+ Rxd8 47. Qxd8+ Kg7 48. Nh5+ gxh5 49. Qg5+ 1/2-1/2

[Event "Montreal op"]
[Site "Montreal CAN"]
[Date "2008.09.14"]
[Round "5"]
[White "Morin, Louis"]
[Black "Carrier, Claude"]
[Result "1/2-1/2"]
[WhiteElo "1930"]
[BlackElo "1957"]
[PlyCount "65"]
[GameId "2160767910319751"]
[EventDate "2008.09.12"]
[EventType "swiss"]
[EventRounds "5"]
[EventCountry "CAN"]

1. e4 c5 2. d4 cxd4 3. c3 d5 4. exd5 Qxd5 5. cxd4 Nc6 6. Nf3 e5 7. Nc3 Bb4 8. Bd2 Bxc3 9. Bxc3 e4 10. Ne5 Nxe5 11. dxe5 Ne7 12. Qxd5 Nxd5 13. Bb5+ Bd7 14. O-O-O Bxb5 15. Rxd5 Bc6 16. Rd6 O-O 17. Rhd1 Rfe8 18. Kd2 Re7 19. Ke3 Rae8 20. Rd8 Rxd8 21. Rxd8+ Re8 22. Rxe8+ Bxe8 23. g3 Bc6 24. Bb4 h5 25. Kf4 g6 26. Kg5 Kg7 27. Bc3 Kf8 28. Kf6 Bd5 29. a3 a6 30. e6 Bxe6 31. Ke5 e3 32. fxe3 Ke7 33. Bb4+ 1/2-1/2

[Event "Montreal op U1800"]
[Site "Montreal CAN"]
[Date "2008.09.12"]
[Round "1"]
[White "Martin, Robert"]
[Black "Jobin, Gilles"]
[Result "1-0"]
[WhiteElo "1751"]
[BlackElo "1535"]
[PlyCount "51"]
[GameId "2160767910319752"]
[EventDate "2008.09.12"]
[EventType "swiss"]
[EventRounds "5"]
[EventCountry "CAN"]
[SourceTitle "hb 2016"]

1. e4 e5 2. f4 exf4 3. Nf3 g5 4. h4 g4 5. Ng5 d5 6. exd5 Qxd5 7. Nc3 Qe5+ 8. Be2 Bc5 9. Nce4 f5 10. Nxc5 Qxc5 11. d4 Qd6 12. O-O f3 13. Bc4 Nh6 14. Re1+ Kd8 15. Ne6+ Bxe6 16. Rxe6 Qg3 17. Bg5+ Kc8 18. Qd2 Nf7 19. Bf6 Rf8 20. Rae1 Nd6 21. Bd3 Rxf6 22. Rxf6 Qxh4 23. Rf8+ Kd7 24. Qe3 Ne4 25. Bxe4 fxe4 26. Qxe4 1-0

[Event "Montreal op U1800"]
[Site "Montreal CAN"]
[Date "2008.09.13"]
[Round "2"]
[White "Jobin, Gilles"]
[Black "Dumont, Felix"]
[Result "1-0"]
[WhiteElo "1751"]
[BlackElo "1511"]
[PlyCount "111"]
[GameId "2160767910319753"]
[EventDate "2008.09.12"]
[EventType "swiss"]
[EventRounds "5"]
[EventCountry "CAN"]
[SourceTitle "hb 2016"]

1. e4 e6 2. d4 d5 3. Nc3 Bb4 4. e5 c5 5. a3 Bxc3+ 6. bxc3 Ne7 7. Qg4 O-O 8. Bg5 Qa5 9. Bd2 Qa4 10. Bd3 c4 11. Bxh7+ Kxh7 12. Qh4+ Kg8 13. Qxe7 Qxc2 14. Nf3 Qe4+ 15. Kd1 Nc6 16. Qh4 Qxh4 17. Nxh4 Na5 18. Bg5 f6 19. exf6 gxf6 20. Bf4 e5 21. dxe5 fxe5 22. Bg3 e4 23. h3 Bd7 24. a4 Nb3 25. Ra2 a5 26. Ke2 Nc5 27. Ng6 Rf7 28. Ne5 Rg7 29. Nxd7 Rxd7 30. Be5 Rf8 31. Bd4 Nd3 32. Rb1 Kh7 33. Kf1 Rg8 34. g3 Rf7 35. Kg2 Rd7 36. Rb5 Nc1 37. Rc2 Nb3 38. Be3 Kg6 39. g4 Rf8 40. h4 Kf6 41. Rb6+ Ke5 42. h5 Rg7 43. g5 Rf5 44. Rg6 Rxg6 45. hxg6 Rf8 46. Kg3 Kf5 47. Rb2 Kxg6 48. Rb1 Rb8 49. Rh1 b5 50. axb5 Rxb5 51. Rh6+ Kg7 52. Ra6 Nc5 53. Ra7+ Kg6 54. Kg4 Na4 55. Bd4 Nb2 56. Rg7# 1-0

[Event "Montreal op U1800"]
[Site "Montreal CAN"]
[Date "2008.09.13"]
[Round "2"]
[White "Martin, Robert"]
[Black "Blanchet, Robert"]
[Result "0-1"]
[WhiteElo "1535"]
[BlackElo "1715"]
[PlyCount "82"]
[GameId "2160767910319754"]
[EventDate "2008.09.12"]
[EventType "swiss"]
[EventRounds "5"]
[EventCountry "CAN"]
[SourceTitle "hb 2016"]

1. d4 Nf6 2. c4 g6 3. Nc3 d5 4. cxd5 Nxd5 5. e4 Nxc3 6. bxc3 Bg7 7. Bc4 O-O 8. Ne2 c5 9. O-O cxd4 10. cxd4 Nc6 11. Be3 Na5 12. Bd3 b6 13. Rc1 Bb7 14. Qd2 Qd7 15. Rfd1 Rfc8 16. f3 Rxc1 17. Rxc1 Rc8 18. Rxc8+ Qxc8 19. Qb4 Ba6 20. Bxa6 Qxa6 21. Kf2 Nc6 22. Qb3 Na5 23. Qb4 Bf8 24. d5 Nc4 25. Qb3 Nxe3 26. Kxe3 Qa5 27. Qc2 Qa3+ 28. Kf2 h5 29. Qb3 Qc5+ 30. Qe3 Qc2 31. Qb3 Qd2 32. a4 h4 33. Qc3 Qa2 34. Qc6 Qd2 35. Qc4 e6 36. f4 Bc5+ 37. Kf3 Qe3+ 38. Kg4 f5+ 39. Kg5 Kg7 40. Qc3+ Qxc3 41. Nxc3 Be7# 0-1

[Event "Montreal op U1800"]
[Site "Montreal CAN"]
[Date "2008.09.13"]
[Round "3"]
[White "Joanis, Marc-Andre"]
[Black "Martin, Robert"]
[Result "1/2-1/2"]
[WhiteElo "1565"]
[BlackElo "1535"]
[PlyCount "107"]
[GameId "2160767910319755"]
[EventDate "2008.09.12"]
[EventType "swiss"]
[EventRounds "5"]
[EventCountry "CAN"]
[SourceTitle "hb 2016"]

1. d4 Nf6 2. Nf3 e6 3. c4 d5 4. g3 c5 5. cxd5 Nxd5 6. Bg2 Nc6 7. O-O Be7 8. Nc3 Nxd4 9. Nxd4 Nxc3 10. bxc3 cxd4 11. cxd4 O-O 12. Rb1 Rb8 13. Bf4 Bd6 14. Bxd6 Qxd6 15. Qa4 a6 16. e3 b5 17. Qb3 Bb7 18. Rfc1 Bxg2 19. Kxg2 Rfc8 20. Rxc8+ Rxc8 21. Kf1 Qc6 22. Ke2 Qc2+ 23. Kf3 Qf5+ 24. Kg2 Rc2 25. Rf1 Qd5+ 26. Kg1 Rxa2 27. Rc1 g6 28. Qxd5 exd5 29. Rb1 Rc2 30. Ra1 Rc6 31. Kf1 Kf8 32. Ke2 Ke7 33. Kd3 Kd6 34. f3 Kc7 35. e4 dxe4+ 36. fxe4 Kb6 37. d5 Rd6 38. Kd4 f6 39. g4 g5 40. Ra3 a5 41. Rh3 a4 42. Kc3 Kc5 43. Rxh7 b4+ 44. Kb2 a3+ 45. Kb3 Ra6 46. Rc7+ Kd6 47. Rc1 Ke5 48. Kxb4 Kxe4 49. Kb5 Rd6 50. Kc5 Ra6 51. Kb5 Ra8 52. d6 Rd8 53. Ra1 Rxd6 54. Rxa3 1/2-1/2

[Event "Montreal op U1800"]
[Site "Montreal CAN"]
[Date "2008.09.13"]
[Round "3"]
[White "Jobin, Gilles"]
[Black "Wang, Yan"]
[Result "1-0"]
[WhiteElo "1751"]
[BlackElo "1554"]
[PlyCount "91"]
[GameId "2160767910319756"]
[EventDate "2008.09.12"]
[EventType "swiss"]
[EventRounds "5"]
[EventCountry "CAN"]
[SourceTitle "hb 2016"]

1. e4 c5 2. Nf3 Nc6 3. d4 cxd4 4. Nxd4 g6 5. Nc3 Bg7 6. Be3 d6 7. Be2 Nf6 8. Qd2 O-O 9. O-O-O a6 10. Nxc6 bxc6 11. e5 Ne8 12. f4 d5 13. Ne4 Bf5 14. Nc5 Nc7 15. g4 Bd7 16. h4 Qc8 17. h5 Bxg4 18. hxg6 fxg6 19. Bxg4 Qxg4 20. Qh2 h6 21. Rdg1 Qf5 22. Qh3 Qxh3 23. Rxh3 Kf7 24. Rhg3 Rg8 25. Rxg6 e6 26. Nd7 Ne8 27. f5 Nc7 28. f6 Bh8 29. Rxg8 Rxg8 30. Rxg8 Kxg8 31. Bxh6 Kf7 32. b4 Ne8 33. Be3 Bxf6 34. exf6 Nxf6 35. Ne5+ Kg7 36. Nxc6 Ng4 37. Bd4+ Kg6 38. Ne5+ Nxe5 39. Bxe5 Kf5 40. Bc7 e5 41. a4 e4 42. b5 axb5 43. axb5 Kg4 44. b6 Kf3 45. b7 e3 46. b8=Q 1-0

[Event "Montreal op U1800"]
[Site "Montreal CAN"]
[Date "2008.09.14"]
[Round "4"]
[White "Boyer, Eric"]
[Black "Jobin, Gilles"]
[Result "0-1"]
[WhiteElo "1585"]
[BlackElo "1751"]
[PlyCount "42"]
[GameId "2160767910319757"]
[EventDate "2008.09.12"]
[EventType "swiss"]
[EventRounds "5"]
[EventCountry "CAN"]
[SourceTitle "hb 2016"]

1. d4 Nf6 2. c4 g6 3. Nc3 Bg7 4. e4 d6 5. Be2 O-O 6. Be3 Nbd7 7. Nf3 Ng4 8. Bg5 c5 9. Nd5 Ndf6 10. Nxf6+ exf6 11. Bd2 cxd4 12. Nxd4 f5 13. Bc3 Re8 14. O-O Rxe4 15. f3 Ne3 16. Qd3 Re7 17. Rfe1 f4 18. Rac1 Qb6 19. Kh1 Bd7 20. Nc2 Bf5 21. Qd2 Nxc2 0-1

[Event "Montreal op U1800"]
[Site "Montreal CAN"]
[Date "2008.09.14"]
[Round "4"]
[White "Girard, Sylvain"]
[Black "Martin, Robert"]
[Result "0-1"]
[WhiteElo "1429"]
[BlackElo "1535"]
[PlyCount "58"]
[GameId "2160767910319758"]
[EventDate "2008.09.12"]
[EventType "swiss"]
[EventRounds "5"]
[EventCountry "CAN"]
[SourceTitle "hb 2016"]

1. e4 e5 2. Nf3 Nc6 3. Bb5 Nf6 4. d4 Nxd4 5. Nxd4 exd4 6. Qxd4 c6 7. Bd3 d6 8. Nc3 Be7 9. Bd2 Be6 10. f4 O-O 11. O-O-O b5 12. f5 Bd7 13. e5 dxe5 14. Qxe5 b4 15. Ne2 Nd5 16. Nf4 Bf6 17. Qe4 Re8 18. Qf3 Qa5 19. Bc4 Nxf4 20. Bxf4 Bxf5 21. g4 Be4 22. Qb3 Bxh1 23. Bxf7+ Kh8 24. Bxe8 Bd5 25. Qe3 Qxa2 26. c3 bxc3 27. bxc3 Bb3 28. Qe4 Qa1+ 29. Qb1 Qxc3+ 0-1

[Event "Montreal op U1800"]
[Site "Montreal CAN"]
[Date "2008.09.14"]
[Round "5"]
[White "Jobin, Gilles"]
[Black "Sarrazin-Gendron, Roman"]
[Result "1-0"]
[WhiteElo "1751"]
[BlackElo "1552"]
[PlyCount "81"]
[GameId "2160767910319759"]
[EventDate "2008.09.12"]
[EventType "swiss"]
[EventRounds "5"]
[EventCountry "CAN"]
[SourceTitle "hb 2016"]

1. e4 c6 2. d4 d5 3. e5 Bf5 4. Bd3 Bxd3 5. Qxd3 e6 6. Nf3 c5 7. c3 Qb6 8. O-O Ne7 9. dxc5 Qxc5 10. Be3 Qc7 11. Nbd2 Nbc6 12. Rfe1 Ng6 13. Bd4 Be7 14. g3 O-O 15. h4 Rfd8 16. h5 Nf8 17. Kg2 a6 18. Qe3 Nd7 19. Qf4 Nc5 20. Ng5 Bf8 21. Re3 h6 22. Ngf3 b6 23. b4 Na4 24. g4 Ne7 25. Nh4 Kh7 26. g5 hxg5 27. Qxg5 Ng8 28. Rg3 Qe7 29. Qf4 Nh6 30. Rh1 Qc7 31. Ndf3 Be7 32. Ng5+ Bxg5 33. Qxg5 Rg8 34. Qd2 Nf5 35. Nxf5 exf5 36. Qc2 Qd7 37. Rg5 Qe6 38. Rxf5 Kh8 39. Rg5 f6 40. Rg6 Qf7 41. h6 1-0

[Event "Montreal op U1800"]
[Site "Montreal CAN"]
[Date "2008.09.14"]
[Round "5"]
[White "Martin, Robert"]
[Black "Gelet, Seymour"]
[Result "0-1"]
[WhiteElo "1545"]
[BlackElo "1706"]
[PlyCount "44"]
[GameId "2160767910319760"]
[EventDate "2008.09.12"]
[EventType "swiss"]
[EventRounds "5"]
[EventCountry "CAN"]
[SourceTitle "hb 2016"]

1. d4 d5 2. c4 e6 3. Nc3 Nf6 4. Nf3 Be7 5. Bf4 a6 6. e3 c5 7. dxc5 Bxc5 8. a3 O-O 9. b4 Be7 10. h3 dxc4 11. Bxc4 b5 12. Bd3 Bb7 13. Qc2 Nbd7 14. Rd1 Rc8 15. Qd2 Re8 16. Be2 Nb6 17. Qb2 Nfd5 18. e4 Rxc3 19. exd5 Na4 20. Qd2 Qxd5 21. Be5 Qxd2+ 22. Nxd2 Rxa3 0-1

[Event "National Capital op"]
[Site "Ottawa CAN"]
[Date "2008.11.21"]
[Round "1"]
[White "Mayo, Alvah"]
[Black "Pacey, Kevin"]
[Result "0-1"]
[WhiteElo "2084"]
[BlackElo "2304"]
[PlyCount "170"]
[GameId "2160767910286127"]
[EventDate "2008.11.21"]
[EventType "swiss"]
[EventRounds "5"]
[EventCountry "CAN"]

1. d4 e6 2. Nf3 Nf6 3. c4 b6 4. g3 Ba6 5. Qa4 Bb7 6. Bg2 c5 7. d5 exd5 8. Nh4 Bc6 9. Qc2 d4 10. Bg5 Bxg2 11. Nxg2 Nc6 12. Nd2 Be7 13. Bxf6 Bxf6 14. Qe4+ Qe7 15. Nf4 Bg5 16. Qf5 g6 17. Qd5 Bxf4 18. gxf4 O-O 19. O-O-O Qxe2 20. Rhe1 Qg4 21. Ne4 Qxf4+ 22. Kb1 Rae8 23. f3 Qxf3 24. Qxd7 Rxe4 25. Qxc6 Re3 26. Qxf3 Rxf3 27. Re7 Re3 28. Rxa7 Rfe8 29. Rc7 Re1 30. Kc1 Rxd1+ 31. Kxd1 Ra8 32. a3 Ra4 33. Rb7 Rxc4 34. Rxb6 Ra4 35. Rd6 Kf8 36. Rd5 Rc4 37. Rd7 Ke8 38. Rb7 Ra4 39. Kc2 c4 40. h4 h5 41. Rc7 c3 42. Rc5 cxb2 43. Kxb2 d3 44. Re5+ Kd7 45. Rd5+ Kc6 46. Rxd3 Rxh4 47. Kb3 Re4 48. a4 g5 49. Rc3+ Kb6 50. Rd3 Re6 51. Rd7 f6 52. Kc4 Kc6 53. Ra7 Kb6 54. Rd7 Re4+ 55. Kd3 Rxa4 56. Rd6+ Kc5 57. Rxf6 Rg4 58. Ke3 Kd5 59. Kf3 Ke5 60. Rh6 Rf4+ 61. Kg2 h4 62. Rb6 Kf5 63. Kh3 Rf3+ 64. Kg2 Kg4 65. Rb5 h3+ 66. Kh2 Kh4 67. Rb7 Rf2+ 68. Kg1 Ra2 69. Rb3 g4 70. Rc3 Ra1+ 71. Kf2 h2 72. Rc7 g3+ 73. Ke3 h1=Q 74. Rh7+ Kg4 75. Rg7+ Kf5 76. Rxg3 Ra3+ 77. Kf2 Qh2+ 78. Rg2 Ra2+ 79. Ke3 Qxg2 80. Kd3 Qe2+ 81. Kd4 Qe4+ 82. Kc3 Ke5 83. Kb3 Qa4+ 84. Kc3 Rc2+ 85. Kd3 Qe4# 0-1

[Event "National Capital op"]
[Site "Ottawa CAN"]
[Date "2008.11.22"]
[Round "2"]
[White "Pacey, Kevin"]
[Black "Sambuev, Bator"]
[Result "0-1"]
[WhiteElo "2304"]
[BlackElo "2540"]
[PlyCount "54"]
[GameId "2160767910286128"]
[EventDate "2008.11.21"]
[EventType "swiss"]
[EventRounds "5"]
[EventCountry "CAN"]

1. c4 Nf6 2. Nc3 g6 3. g3 Bg7 4. Bg2 O-O 5. d4 d6 6. e4 e5 7. d5 c6 8. Nge2 cxd5 9. cxd5 Nbd7 10. O-O a5 11. Rb1 Nc5 12. Be3 Bd7 13. b4 axb4 14. Rxb4 b5 15. Nxb5 Qa5 16. Qb1 Ncxe4 17. f3 Nxd5 18. fxe4 Nxb4 19. Nxd6 Qxa2 20. Nc3 Qxb1 21. Rxb1 Rfb8 22. Rf1 Nc2 23. Rxf7 Nxe3 24. Rxd7 Rb2 25. Bf1 Ra1 26. Rf7 Bf8 27. Nc4 Nxc4 0-1